Compendio mathematico, en que se contienen todas las materias más principales de las ciencias, que tratan de la cantidad.

Detalles Bibliográficos
Autor principal: TOSCA, Tomás Vicente
Formato: Libro
Publicado: Madrid 1727
Edición:2a. imp.
Materias:
Colección:Banco de datos
Acervo:Biblioteca del Ex Convento de Nuestra Señora de Guadalupe. Zacatecas
Descripción Física:t. VI
Tema general:Matemáticas
Notas:Buena. XXXIV, 4, 4 (9609).
LEADER 00789nam a22002170004500
035 |a 47894 
036 |a 9078 
100 1 |a TOSCA, Tomás Vicente. 
245 1 0 |a Compendio mathematico, en que se contienen todas las materias más principales de las ciencias, que tratan de la cantidad. 
250 |a 2a. imp. 
260 |a Madrid  |b imp. Pedro Marín  |c 1727 
300 |a t. VI 
500 |a Buena. XXXIV, 4, 4 (9609). 
650 1 0 |a Matemáticas 
949 |a CRZ-CG 
959 |a Ex convento de Nuestra Señora de Guadalupe, Museo Regional de Zacatecas, Zacatecas  |b CCC4 
960 |a Convento de Nuestra Señora de Guadalupe, Zacatecas  |b DD87 
961 |a Franciscana  |b OF 
942 |c CRZ-CG 
943 |g Biblioteca del Ex Convento de Nuestra Señora de Guadalupe. Zacatecas 
999 |c 972021  |d 972021